| 000 | 01337nam a22003617a 4500 | ||
|---|---|---|---|
| 003 | CHAP | ||
| 005 | 20220817042323.0 | ||
| 008 | 971013s1994 r 00010 d | ||
| 010 | _a40779 | ||
| 011 | _a41751 | ||
| 035 | _a45877 | ||
| 040 | _cCHAP | ||
| 082 |
_a312.0972 _bI54 v.3 |
||
| 110 |
_aInstituto Nacional de Estadística, Geografía e Informática. México _959304 |
||
| 245 | _aMigración interna | ||
| 260 |
_aAguascalientes, Ags. : _bINEGI, _c1994 |
||
| 300 | _a130 p. | ||
| 490 | _aMonografías censales de México, 1990 | ||
| 590 |
_aBATCH-UPD _b10 _c20130110 _lUCH01 _h1533 |
||
| 590 |
_aBATCH-UPD _b10 _c20130410 _lUCH01 _h0939 |
||
| 590 |
_aBATCH-UPD _b10 _c20130914 _lUCH01 _h1255 |
||
| 590 |
_aCONVERSION _b10 _c20130109 _lUCH01 _h1323 |
||
| 650 | 1 | 4 |
_aEmigración e inmigración. _936517 |
| 650 | 1 | 4 |
_aPoblación _xMéxico. _989408 |
| 700 | 0 |
_aPartida Bush, Virgilio. _985802 |
|
| 710 | 0 | _aEl Colegio de México. | |
| 710 | 0 |
_aUniversidad Nacional Autónoma de México. Instituto de Investigaciones Sociales. _9116558 |
|
| 830 | 0 |
_aMonografías censales de México, 1990 _977571 |
|
| 901 | _aBK | ||
| 942 | _cLIBRO | ||
| 949 |
_a312.0972 I54 v.3 _bBC _cINEGI _d33724000481578 _eINEGI _gI. c/e _h88651 _i45877 _si _t10.00 |
||
| 949 |
_a312.0972 I54 v.3 _bBC _cINEGI _d33724000874764 _eINEGI _fc.2 _gDonaciØn _h30162 _i45877 _si |
||
| 999 |
_c40779 _d40779 |
||